| 000 | 00556nam a2200097Ia 4500 | ||
|---|---|---|---|
| 008 | 170517s9999 xx 000 0 und d | ||
| 245 | _aBurzynski: Cancer Is Serious Business | ||
| 300 | _aBurzynski is the story of a medical doctor and Ph.D biochemist named Dr. Stanislaw Burzynski who won the largest and possibly the most convoluted and intriguing legal battle against the Food an Drug Administration in American history. His victorious... | ||
| 650 | _xTechnology. | ||
| 856 | _uhttp://topdocumentaryfilms.com/burzynski-the-movie-cancer-is-serious-business/ | ||
| 999 |
_c335018 _d335018 |
||